| 000 | 00991cam a22002652 4500 | ||
|---|---|---|---|
| 001 | 0000001290 | ||
| 005 | 20151021151052.0 | ||
| 008 | 070302s xx 000 0 eng d | ||
| 020 |
_a0333778227 : _cGBP 36.99 |
||
| 040 |
_aKABU _cKABU |
||
| 050 | 0 |
_aHB139 _b.K68 1977 |
|
| 100 | 1 |
_aKoutsoyiannis, A. _@0000149924 |
|
| 245 | 1 | 0 |
_aTheory of econometrics : _ban introductory exposition of econometric methods. |
| 250 | _a2nd ed. | ||
| 260 |
_aNew York : _bPalgrave, _c1977. |
||
| 300 | _axvii, 681 p. | ||
| 650 | 0 |
_aEconometrics. _@0000148275 |
|
| 852 | 1 | _9p2290 KES | |
| 852 | 1 | _9p2290 KES | |
| 852 | 1 | _9p2290 KES | |
| 852 | 1 | _9p2290 KES | |
| 852 | 1 | _9p2290 KES | |
| 908 | _a070302 | ||
| 950 | _@1 | ||
| 999 |
_c322 _d322 |
||